| 000 | 01443cam a22003857a 4500 | ||
|---|---|---|---|
| 003 | CHAP | ||
| 005 | 20220329142751.0 | ||
| 008 | 030804d2003 mx a r 00110 spa d | ||
| 010 | _a87500 | ||
| 011 | _a88472 | ||
| 035 | _a99017 | ||
| 040 | _cCHAP | ||
| 090 | _aTesis | ||
| 100 | 0 | 0 |
_aMedina Hernández, José Luis. _973971 |
| 245 | 1 | 0 |
_aEstudio de maquinado de la madera de Eucalyptus grandis Hill ex Maiden y Eucalyptus urophylla S.T. Blake, de una plantación forestal comercial de 7 años _c/por José Luis Medina Hernández |
| 260 |
_aChapingo, Méx. : _bEl autor, _c2003. |
||
| 300 |
_a69 h. ; _bilus. |
||
| 502 | _aTesis (Ing. Forestal Industrial) -- UACH. División de Ciencias Forestales | ||
| 590 |
_aALEPH _b10 _c20130110 _lUCH01 _h1455 |
||
| 590 |
_aBATCH-UPD _b10 _c20130110 _lUCH01 _h0602 |
||
| 590 |
_aBATCH-UPD _b10 _c20130410 _lUCH01 _h0244 |
||
| 590 |
_aBATCH-UPD _b10 _c20130914 _lUCH01 _h1333 |
||
| 590 |
_aCONVERSION _b10 _c20130109 _lUCH01 _h1349 |
||
| 650 | 1 | 4 |
_aEucalipto (madera) _938822 |
| 650 | 1 | 4 |
_aMadera _xAnálisis. _969595 |
| 650 | 1 | 4 |
_aMadera _xDefectos. _969600 |
| 650 | 1 | 4 |
_aMadera _xNormas de calidad. _969614 |
| 650 | 1 | 4 |
_aMadera _xPropiedades y usos. _969621 |
| 650 | 1 | 4 |
_aMadera _xSubproductos. _969627 |
| 901 | _aBK | ||
| 905 | _aMayto Villalobos S. | ||
| 942 | _cFOLL | ||
| 949 |
_aTesis _bBC _cTES _d33724000898755 _eTS2 _fc.2 _h41160 _i99017 _sb |
||
| 949 |
_aTesis _bBC _cTES _d99017123 _eTS1 _h41159 _i99017 _sb |
||
| 999 |
_c87500 _d87500 |
||